A Companion to Scottish culture /

Bibliographic Details
Other Authors: Daiches, David, 1912-2005
Format: Book
Language:English
Published: London : Edward Arnold, 1981.
Subjects:

MARC

Tag First Indicator Second Indicator Subfields
LEADER 00000cam a2200000 a 4500
001 in00000076160
005 20151008060446.0
008 820401s1981 enkab bd 00100deng
010 |a  81170634  
015 |a GB81-22520 
020 |a 0713163445 :  |c 17.00 
035 |a (OCoLC)08098346 
035 |9 AAJ5794AM 
039 0 |a 2  |b 3  |c 3  |d 3  |e 3 
040 |a DLC  |c DLC  |d TXA  |d UtOrBLW 
043 |a e-uk-st 
049 |a TXAM  |c [1442829] 
050 0 0 |a DA772  |b .C63 1981 
082 0 |a 941.1/003/21  |2 19 
245 0 2 |a A Companion to Scottish culture /  |c edited by David Daiches. 
264 1 |a London :  |b Edward Arnold,  |c 1981. 
300 |a 441 pages :  |b illustrations, maps ;  |c 26 cm. 
336 |a text  |b txt  |2 rdacontent 
337 |a unmediated  |b n  |2 rdamedia 
338 |a volume  |b nc  |2 rdacarrier 
500 |a Includes index. 
504 |a Bibliography: pages [408]-418. 
651 0 |a Scotland  |x Civilization  |x Dictionaries. 
700 1 |a Daiches, David,  |d 1912-2005. 
999 |a MARS 
999 f f |s 13d2aee1-5bb4-3f76-9fa6-bd8d477ee33b  |i c5b00fe9-4d8d-3be1-adc8-13a2e888ffb4  |t 0 
952 f f |p ric  |a Texas A&M University  |b Rellis Campus  |c Joint Library Facility  |d Remote Storage  |t 0  |e DA772 .C63 1981  |h Library of Congress classification  |i unmediated -- volume  |m A14806096941 
998 f f |a DA772 .C63 1981  |t 0  |l Remote Storage